00629 2200181 4500001002100000005001500021035002000036007000300056008003900059082001200098084002000110100003100130245014300161260004500304300003000349600003400379856003400413INLIS00000000000905720260426095556 a0010-0426000002ta260426 | | |  a658.306 aR 658.306 YUS p0 aYusril Maayis / 18612012061 aPengaruh Pelatihan dan Kompensasi terhadap Kinerja Karyawan pada PT. Sang Hyang Seri Cabang Sulawesi Selatan /cYusril Maayis / 1861201206 aMaros :bUniversitas Muslim Maros,c2025 a131 hlm :bIlusi ;c29 cm 4aManajemen Sumber Daya Manusia aManajamen Sumber Daya Manusia